[Event "Olympiad-37"]
[Site "Turin"]
[Date "2006.05.25"]
[Round "5"]
[White "Bologan, Viktor"]
[Black "Radjabov, Teimour"]
[Result "0-1"]
[WhiteElo "2666"]
[BlackElo "2717"]
[Annotator "Radjabov,T"]
[PlyCount "62"]
[EventDate "2006.05.21"]
[EventType "team-swiss"]
[EventRounds "13"]
[EventCountry "ITA"]
[SourceTitle "CBM 113"]
[Source "ChessBase"]
[SourceDate "2006.07.31"]
[SourceVersion "1"]
[SourceVersionDate "2006.07.31"]
[SourceQuality "1"]
[WhiteTeam "Moldova"]
[BlackTeam "Azerbaijan"]
[WhiteTeamCountry "MDA"]
[BlackTeamCountry "AZE"]

1. e4 c5 2. Nf3 Nc6 3. Bb5 e6 4. Bxc6 bxc6 5. d3 Ne7 6. Qe2 Qc7 (6... Ng6 $5 {
It's quiet known and deserves serious attention.}) 7. Ng5 Ng6 (7... e5 $5 $13)
8. f4 c4 $5 9. O-O cxd3 10. cxd3 Bc5+ 11. Kh1 (11. Be3 $2 Nxf4 $17) 11... f6
12. Nh3 O-O 13. Nc3 d5 $5 (13... Ba6 14. Be3 Bxe3 15. Qxe3 Qb6 16. Qd2 d5 $15 (
16... f5 $5 $15)) 14. Na4 Bd6 15. Be3 {This are very natural moves by White.
The position remains very fighting.} Ba6 $5 16. Bc5 (16. Nc5 {This was
probably the best way for White, although Black's position is good.} Bxc5 17.
Bxc5 Rfe8 $5 $15 (17... dxe4 $5 18. Qxe4 (18. Bxf8 Bxd3 19. Qd2 Bxf1 (19...
Rxf8 $17) 20. Bd6 Bxg2+ 21. Kxg2 Rd8 $17) 18... Rfe8 19. Rfe1 Qd7 {[%csl Ga6]
[%cal Ga6c4,Gc4d5]} 20. d4 Bc4 $15)) (16. f5 Ne5 (16... exf5 17. exf5 Ne5 18.
Nf4 Rfe8 $19) 17. Nf4 dxe4 (17... Qa5 18. Nc3 exf5 19. exf5 Rfe8 $17) 18. Nxe6
Qa5 $17) 16... Rfe8 $3 {This simply-looking move is simply crushing, Black
gets a very big advantage now. It's amazing that White's whole setup
collapsesdue to one simple move. Now Bxf4 is threatening also Bb5 and some
dxe4 sometimes. White is unable to unpin from all the threats.} 17. exd5 (17.
Bxd6 Qxd6 {[%csl Rd3,Re4]} 18. Rfd1 Bb5 $17 {[%csl Rf4]}) 17... cxd5 (17...
exd5 $5 18. Qd2 $1 (18. Qf3 $2 Bb5 19. Bxd6 Qxd6 20. Nc3 Ba6 $17 {[%cal Gd6b4,
Gb4d4]}) 18... Rab8 $17) 18. Qe3 (18. Rac1 $5 Bxf4 $5 (18... e5 19. f5 Ne7 $11)
(18... Rac8 19. Qd2 e5 $17) 19. Be3 Qa5 20. Nxf4 Qxa4 21. Nxg6 hxg6 $17) 18...
Bb5 (18... e5 $5 $17 19. f5 Ne7 $19) 19. Bxd6 Qxd6 20. Nc3 Ba6 $1 21. Qd4 (21.
Qd2 Rab8 $17 {[%cal Gg6h4,Ge6e5]}) 21... Ne7 $1 {Now it's impossible to defend
d3, b2 and f4 and at the same time to prevent Ne3. I think the rest of the
game is just played optimally from Black's side.} 22. Nf2 (22. Ne4 Qb6 23.
Nxf6+ gxf6 24. Qxf6 Ng6 25. f5 exf5 $19) 22... Nf5 23. Qa4 Reb8 $1 $19 {
[%csl Rb2,Rf4][%cal Gb8b4]} 24. Qa3 Qxa3 25. bxa3 Rb2 26. Kg1 Rc8 27. Rfc1 Nd4
28. Ncd1 Rxc1 29. Rxc1 Rxa2 30. Nc3 Rxa3 31. Kf1 Nb3 0-1

[Event "Olympiad-37"]
[Site "Turin"]
[Date "2006.05.30"]
[Round "9"]
[White "Radjabov, Teimour"]
[Black "Shirov, Alexei"]
[Result "1-0"]
[WhiteElo "2717"]
[BlackElo "2699"]
[Annotator "Radjabov,T"]
[PlyCount "79"]
[EventDate "2006.05.21"]
[EventType "team-swiss"]
[EventRounds "13"]
[EventCountry "ITA"]
[SourceTitle "CBM 113"]
[Source "ChessBase"]
[SourceDate "2006.07.31"]
[SourceVersion "1"]
[SourceVersionDate "2006.07.31"]
[SourceQuality "1"]
[WhiteTeam "Azerbaijan"]
[BlackTeam "Spain"]
[WhiteTeamCountry "AZE"]
[BlackTeamCountry "ESP"]

1. e4 {We needed a win against Spain in order to fight for a good place, so I
was in a fighting mood as usual.} e5 {Solid approach.} 2. Nf3 Nc6 3. Bb5 a6 4.
Bxc6 $5 {Doesn't win a single pawn, but destroys Black pawn's structure a bit:)
} dxc6 5. O-O Bg4 {Protecting e5 in an extraordinary way is usual for black
here, the idea of this move will be clear after White's next move.} 6. h3 h5 $1
{Now bishop is untouchable so white has to develop.} 7. d3 (7. hxg4 $4 hxg4 $19
{[%csl Rg1,Rh1,Rh4][%cal Gd8h4]}) 7... Qf6 8. Nbd2 $5 (8. Be3 {Is also
slightly better for white.}) 8... Ne7 9. Re1 {Known from some 30-40 years ago
when R.J. Fischer played it vs top players of his times.} Be6 {An unusual
attempt, typical for Shirov.} 10. Nb3 Bxb3 (10... Bg4 {Such an incorrect way
to propose a draw after Nbd2 for example Be6, wouldn't work here as now White
is ready to take the bishop:} 11. hxg4 hxg4 12. Ng5 Qh6 13. Kf1 Qh5 (13... Qh1+
14. Ke2 Qxg2 15. Rg1 $18) 14. Be3 {[%cal Gf1e2,Ge1h1]} Ng6 15. Ke2 $1 Be7 16.
Rh1 Nh4 17. g3 $18 (17. Qd2 $18)) 11. axb3 c5 12. c3 (12. Bg5 $5 Qd6 13. Nd2 $5
{[%cal Gd2c4,Gf2f4]} Nc6 14. Nc4 Qg6 15. Qd2 (15. Bh4 f6 16. c3 Qf7 $13)) (12.
b4 cxb4 13. Bg5 Qd6 14. d4 exd4 15. e5 Qd5 16. e6 $13) 12... Nc6 (12... O-O-O
13. b4 cxb4 14. cxb4 $16 {[%cal Gb4b5,Ga1a5,Gc1g5]} Kb8 15. b5 axb5 16. Qb3 c6
17. Ng5 $18) 13. b4 cxb4 14. d4 (14. Bg5 $5) 14... exd4 (14... bxc3 $5 15. bxc3
$5 $44 (15. Bg5 $44)) 15. Bg5 Qd6 16. cxd4 Be7 17. d5 $1 Ne5 18. Bf4 $5 {
Now Black is already in trouble so there is almost nothing to do.} f6 (18...
Nxf3+ 19. Qxf3 Qd7 20. Rac1 Rc8 21. Qg3 O-O 22. Bxc7 (22. Be5 g6 23. Bxc7 Bf6
24. Be5 $16) 22... h4 23. Qf4 Bf6 24. e5 Rxc7 25. exf6 Rxc1 26. Rxc1 Qxd5 27.
fxg7 Kxg7 28. Qg4+ Kh6 29. Qxh4+ Kg7 30. Qg4+ $18) 19. Nd4 $1 (19. Nh4 $5 $16 {
was enough to get a tremendous attack!}) 19... Kf7 20. Qb3 $1 g6 21. Rad1 $5 (
21. Bh2 {[%cal Gf2f4,Ge4e5]} Qb6 22. d6+ $18) 21... Kg7 22. Bh2 {[%cal Gf2f4,
Ge4e5]} Qb6 23. Kh1 a5 (23... Kh6 24. Ne6 $1 {[%cal Gf2f4]} Qxf2 25. Bg1 Qh4
26. Qe3+ Kh7 27. Bf2 $18) 24. f4 a4 25. Qc2 $1 b3 26. Qe2 Nd7 27. e5 (27. f5 $5
{was probably the most direct attempt. Black seems totally lost to me. Under
attack , no clear counterplay.. nothing.} Bd6 {[%csl Ge5][%cal Gd7e5]} 28. Ne6+
Kf7 29. Bg1 Qb4 30. fxg6+ Kxg6 31. Bd4 $1 Be5 32. Bxe5 Nxe5 33. Nxc7 $18 {
[%csl Rf6][%cal Gd5d6,Ge1f1]}) 27... f5 28. Bg1 $1 Qa5 29. Qc4 (29. Ne6+ Kh6
30. Nxc7 (30. d6 cxd6 31. exd6 Bf6 32. Nc7 Rac8 33. Bd4 Bxd4 34. Rxd4 $18 {
[%cal Ge1a1,Ge2e3,Ge3g3,Gg3g5]}) 30... Qxc7 31. d6 Qd8 32. dxe7 Qxe7 33. Qb5
$16) 29... Bh4 (29... Rhc8 {This would lose by force.} 30. d6 cxd6 31. Qe6 $1
Qd8 32. Qd5 Kh6 33. Ne6 Qe8 34. exd6 Bh4 35. Bd4 $18) (29... Rac8 30. d6 cxd6
31. Qe6 Qd8 32. Qd5 $18 {[%cal Gd4e6,Ge5d6]}) 30. Re3 $1 Rac8 31. Rc3 $18 {
[%csl Rc7]} Rhe8 32. Ne6+ (32. d6 $5 cxd6 33. Ne6+ $1 Kh7 34. Qxc8 Rxc8 35.
Rxc8 $18 a3 36. Rxd6 Qa4 37. Rc7 axb2 38. Rdxd7+ Qxd7 39. Rxd7+ $18 {[%cal
Gd7d1]}) 32... Kh6 33. Nxc7 Bd8 34. d6 $1 Bxc7 35. dxc7 (35. Qf7 $5 {[%csl Rg6]
[%cal Gc3g3]} Bb6 36. Qxd7 $18) 35... Re7 36. Rd6 $5 (36. Rd5 b5 37. Qc6 $18)
36... a3 (36... Nxe5 37. fxe5 Qxe5 38. Be3+ Kh7 39. Rd8 $18 {[%cal Gc4g8]}) 37.
Rg3 $1 Nf8 38. Qg8 Rg7 39. Qh8+ Rh7 (39... Nh7 40. Qxc8 $18) 40. Qxf8+ {
[%cal Gg3g6,Gd6g6] with mate in the next move.} 1-0

[Event "Olympiad-37"]
[Site "Turin"]
[Date "2006.06.02"]
[Round "11"]
[White "Radjabov, Teimour"]
[Black "Ivanchuk, Vassily"]
[Result "1/2-1/2"]
[WhiteElo "2717"]
[BlackElo "2731"]
[Annotator "Radjabov,T"]
[PlyCount "89"]
[EventDate "2006.05.21"]
[EventType "team-swiss"]
[EventRounds "13"]
[EventCountry "ITA"]
[SourceTitle "CBM 113"]
[Source "ChessBase"]
[SourceDate "2006.07.31"]
[SourceVersion "1"]
[SourceVersionDate "2006.07.31"]
[SourceQuality "1"]
[WhiteTeam "Azerbaijan"]
[BlackTeam "Ukraine"]
[WhiteTeamCountry "AZE"]
[BlackTeamCountry "UKR"]

{It was important to fight for a win in this match vs. the Ukraine, as we were
quiet near to the prize-places.} 1. e4 c5 2. Nf3 d6 3. d4 cxd4 4. Nxd4 Nf6 5.
Nc3 a6 6. Bg5 e6 7. f4 Be7 8. Qf3 Qc7 9. O-O-O Nbd7 10. g4 {Theory, Theory,
Theory.} b5 11. Bxf6 Nxf6 12. g5 Nd7 13. Bh3 $5 {This move that leads to
almost unexplored territory.} b4 (13... Nc5 $5) (13... Bb7 $5) 14. Nce2 Nc5 15.
Ng3 {Trying to play for a fast attack with Nh5-Rhg1 and Nf6+ etc.. Now
Ivanchuk starts to make prophylactic moves which finally lead to a very
interesting and sharp battle on both wings.} g6 $5 16. Bg2 $5 {[%cal Gh2h4]
Trying to play f5 quickly. Now h4 is also coming and Black has to think about
king's safety.} e5 (16... Bb7 17. h4 d5 18. Qe3 $13) 17. Nde2 (17. Ndf5 $5 gxf5
18. exf5 Bb7 19. Qe2 Bxg2 (19... exf4 20. Nh5 $44) 20. Qxg2 $44) 17... Be6 $5 {
An very, very interesting attempt by Ivanchuk, now he is threatening Bxa2 and
starts an amazing attack with many possible sacrifices.} 18. Kb1 Qa5 $5 19. Nc1
$5 (19. b3 $2 Qa3 $1 {[%cal Gc5a4]} 20. Nc1 Rb8 {[%cal Gc5a4]} 21. f5 Na4 $3 {
This was Ivanchuk's idea!} 22. bxa4 Bxa2+ 23. Nxa2 b3 24. Nc3 (24. cxb3 Rxb3+
25. Qxb3 Qxb3+ 26. Ka1 Bxg5 $19 {It's hopeless. There's completely no chance
for White here.}) 24... O-O 25. f6 Rfc8 26. Nge2 Bd8 $3 $19 {And now there is
no way to defend for White. No moves, no counterplay, just a totally crushed
position.}) 19... Rb8 $3 {Another fantastic resource. Now in case of f5 Black
has an extraordinary attack. Let's look:} 20. Rd5 $5 {So I went for this
sacrifice.} (20. f5 Bxa2+ $3 21. Nxa2 b3 22. cxb3 (22. Nc3 Bxg5 $1 (22... bxc2+
23. Kxc2 Qb4 24. Kd2 Bxg5+ 25. Ke1 Qxb2 26. h4 Bf4 27. Nge2 $14) 23. Qe2 O-O
24. fxg6 fxg6 25. Rhf1 bxc2+ 26. Qxc2 Bf4 $17) 22... Rxb3 23. Qf2 O-O $3 24. f6
(24. Nc1 Bxg5 25. Rxd6 (25. Nxb3 Nxb3 26. Rd3 Qa1+ 27. Kc2 Nc1 $1 $19 28. Rc3
Rb8 $19) 25... Rb7 26. Rd5 Rfb8 $19) (24. Rhf1 {[%cal Gf5g6,Gf2f7]} Rfb8 25.
fxg6 Rxb2+ 26. Qxb2 Rxb2+ 27. Kxb2 Qb5+ 28. Ka1 Nb3+ 29. Kb2 Nd4+ 30. Kc1 Bxg5+
$19) 24... Bxf6 $3 25. gxf6 Rfb8 $19 {And the threats Rxb2 and Ra3 give White
no practical chances to save the game.}) 20... Rb5 (20... Bxd5 $5 {It was an
interesting try, but Ivanchuk played in his unusual manner till the end.}) 21.
Nb3 Qc7 (21... Nxb3 22. axb3 Bxd5 23. exd5 $44) 22. h4 h6 23. gxh6 $5 Rxh6 (
23... Bxd5 24. exd5 Rxh6 25. h5 $44) 24. Rdd1 $1 {Time to go back as I guess
somewhere , he would take an exchange finally.} Rxh4 25. Rxh4 (25. f5 $5 {
was good enough to start an attack.} Bc8 26. Bf1 $16 (26. fxg6 fxg6 27. Rdf1
$14)) 25... Bxh4 26. f5 Bc8 27. Rh1 (27. Bf1 $5 {Maybe it was the way to bring
pieces into the battle.} Rb8 28. Bc4 $16) 27... g5 28. Nh5 $1 Bb7 29. Qg4 $1
Nxb3 (29... Kd8 $1 {was the best way for Black.} 30. Nd2 $44) 30. axb3 Rc5 (
30... Kd8 31. Rd1 $44 {[%csl Rh4][%cal Gh5f6,Gg4h5] It would be easier to play
this as White of course. It was still the best for Black, Ivanchuk had around
6-7 minutes here, I had only 1.30 left.}) 31. Rxh4 $3 gxh4 (31... Rxc2 32. Nf6+
Ke7 33. Qxg5 Rxb2+ 34. Kxb2 Qc3+ 35. Kb1 Qe1+ 36. Qc1 $18) 32. Nf6+ (32. f6 $1
{It was a so-called win in one-move.} Rxc2 (32... Qc6 33. Ng7+ $3 Kd8 34. Ne6+
$3 fxe6 35. f7 Kc7 36. f8=Q Rxc2 37. Qg5 $18) 33. Qg8+ Kd7 34. Qxf7+ Kc6 35.
Qxc7+ Kxc7 36. Kxc2 $18) 32... Ke7 33. Qxh4 Qd8 34. Bf1 a5 35. Bc4 Rxc4 36.
bxc4 a4 37. b3 axb3 38. cxb3 Bc6 39. Kc1 (39. Kb2 $1 {was winning study-like.}
Kf8 40. Qh8+ Ke7 41. Qh4 Qa5 42. Nd5+ Kd7 43. Qe7+ Kc8 44. Qf8+ Kb7 45. Qxf7+
Ka6 46. Nc7+ Kb6 47. Nb5 $3 Bxb5 48. cxb5 Qxb5 49. Qc4 $18) 39... Kf8 (39...
Qa5 40. Kb1 $16) 40. Qh6+ Ke7 41. Qg5 Qf8 42. Kd2 (42. Qh4 Kd8 43. Nd5+ Kd7 44.
Nxb4 Qa8 $11) 42... Kd8 43. Nd5+ (43. Kd3 Kc7 $13) 43... Kd7 44. Qe3 Qb8 45.
Nf6+ $11 1/2-1/2

[Event "Biel GM"]
[Site "Biel"]
[Date "2006.07.25"]
[Round "2"]
[White "Pelletier, Yannick"]
[Black "Radjabov, Teimour"]
[Result "0-1"]
[WhiteElo "2583"]
[BlackElo "2728"]
[Annotator "Radjabov,T"]
[PlyCount "108"]
[EventDate "2006.07.24"]
[EventType "tourn"]
[EventRounds "10"]
[EventCountry "SUI"]
[EventCategory "17"]
[SourceTitle "CBM 114"]
[Source "ChessBase"]
[SourceDate "2006.10.02"]
[SourceVersion "1"]
[SourceVersionDate "2006.10.02"]
[SourceQuality "1"]

1. d4 {Second round game. I was in a fighting mood. Zweite Runde. Ich war in
Kampfstimmung.} Nf6 2. Nf3 g6 3. c4 Bg7 4. Nc3 d6 5. e4 O-O 6. Be2 e5 7. O-O
Nc6 8. d5 Ne7 9. Bg5 {Pelletier's pet line. He uses it very often and found
many interesting plans in it. Pelletiers Stammvariante. Er wendet sie häufig
an und hat viele interessante Pläne darin entdeckt.} Nh5 $5 {One of many very
interesting possibilities for black. Eine von vielen sehr interessanten
Möglichkeiten für Schwarz.} 10. Ne1 Nf4 11. Nd3 Nxe2+ 12. Qxe2 h6 13. Bd2 g5 $5
{Preventing f4. Verhindert f4.} 14. g4 (14. g3 Bh3 (14... f5 15. f4 exf4 16.
gxf4 fxe4 17. Nxe4 g4 (17... Bh3 $15) 18. f5 Nxf5 (18... Bxf5 $11) 19. Qxg4 Qh4
$15) (14... Ng6 15. f4 exf4 16. gxf4 gxf4 17. Nxf4 Ne5 $15) 15. f4 exf4 16.
gxf4 Bxf1 17. Rxf1 Ng6 (17... gxf4 18. Nxf4 Ng6 19. Nh5 Qh4 $17) 18. fxg5 hxg5
19. Qg4 c6 $17) 14... Ng6 $1 15. f3 Nf4 16. Nxf4 exf4 17. Rfd1 h5 $1 18. h3 (
18. gxh5 Bh3 (18... Be5 19. Qg2 Kh7 20. Rac1 Rg8 $15) 19. Kh1 Be5 20. Rg1 f6
21. Qd3 Kf7 $15 (21... c5 $15) (21... Qe8 22. Nb5 Qf7 $15)) 18... Be5 {And now
activating on the h-file, Black starts a very unpleasant attack. Und nun
leitet Schwarz auf der h-Linie einen sehr unangenehmen Angriff ein.} 19. Be1
Kg7 (19... Qf6 $5 $17) 20. Rd3 {It's hard for White to establish any kind of
defence here I guess Black is simply dominating. Es fällt Weiß hier schwer,
irgendeine Art von Verteidigung zu etablieren. Ich schätze, Schwarz dominiert
einfach.} (20. Bf2 Rh8 21. Kg2 Qf6 22. Rh1 Bd7 23. Qd3 Rh6 24. Rad1 Rah8 $19 {
[%cal Gh8h7,Gg7g8,Gf6h8]}) 20... Rh8 21. Nd1 hxg4 22. fxg4 Qf6 23. Bc3 Bd7 24.
Nf2 Rae8 (24... Rh6 $5) 25. Qf3 {It's clear that Black's position is better
much better, but it's not that easy to find a direct plan. Es ist klar, dass
Schwarz klar besser steht, aber es fällt nicht leicht, einen direkten Plan zu
finden.} Bxc3 (25... Rh6 $17) (25... c5 $5 {was probably easier than the move
in the game. war vermutlich einfacher als der Zug in der Partie.}) 26. Rxc3 c5
27. Re1 a6 28. Rc2 b5 (28... Qd4 $5 $17) 29. b3 Re7 (29... bxc4 30. bxc4 Qd4)
30. Kg2 Rhe8 31. Rce2 Qh6 {With the interesting idea to play f6 and start an
attack on the queenside. I found a fantastic conception later on. So let's see.
Mit der interessanten Idee, f6 zu spielen und einen Angriff am Damenflügel
einzuleiten. Später fand ich ein fantastisches Konzept. Also sehen wir weiter.}
32. Nd3 f6 33. Nf2 Qh4 (33... a5 34. a3 a4 $15 (34... Rb8 $17 {[%cal Gd7e8,
Ge7b7]})) 34. Qc3 {And here already I had to go for b4 but I didn't want to
force matters. Und hier hätte ich bereits b4 spielen müssen, doch ich wollte
nichts forcierten.} a5 $5 35. Qf3 Rb8 36. Rc1 Be8 {Regrouping to attack e4.
Umgruppierung zum Angriff auf e4.} 37. Qd3 Ra7 38. Qf3 Bg6 39. Nd3 Re7 40. Nf2
Reb7 41. Rec2 b4 $3 {After this move White's situation is completely hopeless.
I could have done it at almost every move before but wanted to improve
position of my pieces first. Nach diesem Zug steht Weiß völlig hoffnungslos.
Dies hätte ich bei fast jedem Zug vorher machen können, doch ich wollte vorher
die Stellung meiner Figuren verbessern.} 42. Qd3 a4 43. Qf3 Ra8 44. Re1 Re7 45.
Rce2 axb3 46. axb3 Ra3 $1 47. Rb1 Re8 48. Qd3 Rea8 49. Kf1 R8a7 $5 {Now White
is helpless against the extremely beautiful zugzwang all over the board. Nun
ist Weiß hilflos gegenüber einer äußerst schönen Zugzwangsituation auf dem
gesamten Brett.} 50. Qf3 Ra2 51. Rbe1 Rxe2 52. Rxe2 Ra1+ 53. Re1 Ra3 $1 {
Here White has no more moves. A great positional game which I enjoyed a lot.
Hier hat Weiß keine Züge mehr. Ein großartige Positionspartie, die ich sehr
genossen habe.} 54. Re2 Qg3 0-1

[Event "Biel GM"]
[Site "Biel"]
[Date "2006.07.26"]
[Round "3"]
[White "Radjabov, Teimour"]
[Black "Carlsen, Magnus"]
[Result "1/2-1/2"]
[WhiteElo "2728"]
[BlackElo "2675"]
[PlyCount "135"]
[EventDate "2006.07.24"]
[EventType "tourn"]
[EventRounds "10"]
[EventCountry "SUI"]
[EventCategory "17"]
[SourceTitle "CBM 114"]
[Source "ChessBase"]
[SourceDate "2006.10.02"]
[SourceVersion "1"]
[SourceVersionDate "2006.10.02"]
[SourceQuality "1"]

1. d4 Nf6 2. c4 c5 3. d5 b5 4. cxb5 a6 5. bxa6 g6 6. Nc3 Bxa6 7. Nf3 d6 8. g3
Bg7 9. Rb1 Nbd7 10. Bg2 O-O 11. b3 Qa5 12. Bd2 Bb7 13. O-O Qa6 14. e4 e6 15.
dxe6 fxe6 16. Ng5 d5 17. exd5 exd5 18. Re1 Rae8 19. Rxe8 Rxe8 20. Qf1 h6 21.
Qxa6 Bxa6 22. Nf3 d4 23. Na4 Ne4 24. Re1 Ndf6 25. Ba5 Bb5 26. Nb6 Nc3 27. Rxe8+
Bxe8 28. Bxc3 dxc3 29. Ne1 Ng4 30. h3 Ne5 31. Na4 Nd7 32. Kf1 Bd4 33. Bc6 Kf8
34. Ke2 g5 35. Nc2 Ke7 36. f3 Kd6 37. Bb5 Bg6 38. Bd3 Bf7 39. b4 Bxa2 40. bxc5+
Nxc5 41. Nxd4 Nxa4 42. Nf5+ Ke5 43. Nxh6 Nc5 44. Ke3 Bb3 45. Ng4+ Ke6 46. Nf2
Nxd3 47. Nxd3 Bd1 48. Nf2 c2 49. Nd3 Kf5 50. Nc1 Ke5 51. Nd3+ Kf5 52. g4+ Kf6
53. Nc1 Ke5 54. Na2 Kf6 55. f4 gxf4+ 56. Kxf4 Be2 57. h4 Kg6 58. Nc1 Bc4 59.
Ke5 Ba6 60. Ke4 Bc8 61. Kf4 Ba6 62. Ke3 Bc8 63. g5 Kh5 64. Kd2 Bf5 65. Nb3 Kxh4
66. Nd4 Kxg5 67. Nxf5 Kxf5 68. Kxc2 1/2-1/2